=LDR 00000nam 2200000 4500 =001 INLIS000000000046525 =005 20150402115748.0 =006 =007 =008 =035 ##$$0010-041500000000007 =082 ##$$a 372.83 =090 ##$$a 372.83 $b end i =100 ##$$a endang sulistianingsih $t ilmu pengetahuan sosial untuk sd/mi =245 ##$$a ilmu pengetahuan sosial untuk sd/mi =260 ##$$a jakarta $b cv. cipta kurnia sejati $c 2008 =300 ##$$a 227 hlm $b illus $c 25 cm =850 ##$$a NPBMAT =990 ##$$a 0001/BPAP-NTB/20142015